<?xml version="1.0" encoding="UTF-8"?>
<record
    xmlns:xsi="http://www.w3.org/2001/XMLSchema-instance"
    xsi:schemaLocation="http://www.loc.gov/MARC21/slim http://www.loc.gov/standards/marcxml/schema/MARC21slim.xsd"
    xmlns="http://www.loc.gov/MARC21/slim">

  <leader>00680nam a2200205 a 4500</leader>
  <controlfield tag="001">576</controlfield>
  <controlfield tag="003">CDMR</controlfield>
  <controlfield tag="005">20131113122944.0</controlfield>
  <controlfield tag="008">130130s1984||||||||||||||||||||||||||||d</controlfield>
  <datafield tag="040" ind1=" " ind2=" ">
    <subfield code="a">CDMR</subfield>
    <subfield code="b">cat</subfield>
    <subfield code="c">CDMR</subfield>
  </datafield>
  <datafield tag="110" ind1="2" ind2=" ">
    <subfield code="a">Federazione Italiana Editori Giornali</subfield>
    <subfield code="9">426</subfield>
  </datafield>
  <datafield tag="245" ind1="1" ind2="0">
    <subfield code="a">Contratto Nazinale di Lavoro Giornalistico</subfield>
    <subfield code="b">: dennaio 1982 - dicembre 1984</subfield>
  </datafield>
  <datafield tag="260" ind1=" " ind2=" ">
    <subfield code="a">Roma</subfield>
    <subfield code="b">Federazione Italiana Editori Giornali</subfield>
  </datafield>
  <datafield tag="260" ind1=" " ind2=" ">
    <subfield code="c">1984</subfield>
    <subfield code="b">Federazione Nazionale Stampa Italiana</subfield>
  </datafield>
  <datafield tag="300" ind1=" " ind2=" ">
    <subfield code="a">89 p.</subfield>
    <subfield code="c">15 cm</subfield>
  </datafield>
  <datafield tag="650" ind1="0" ind2="4">
    <subfield code="9">4108</subfield>
    <subfield code="a">Periodisme</subfield>
    <subfield code="z">It&#xE0;lia</subfield>
  </datafield>
  <datafield tag="650" ind1="0" ind2="4">
    <subfield code="9">3208</subfield>
    <subfield code="a">Periodisme</subfield>
    <subfield code="x">Dret i legislaci&#xF3;</subfield>
  </datafield>
  <datafield tag="650" ind1="0" ind2="4">
    <subfield code="9">2767</subfield>
    <subfield code="a">Periodistes</subfield>
    <subfield code="x">Situaci&#xF3; legal, lleis, etc</subfield>
  </datafield>
  <datafield tag="942" ind1=" " ind2=" ">
    <subfield code="c">MON</subfield>
    <subfield code="2">udc</subfield>
  </datafield>
  <datafield tag="999" ind1=" " ind2=" ">
    <subfield code="c">576</subfield>
    <subfield code="d">576</subfield>
  </datafield>
  <datafield tag="952" ind1=" " ind2=" ">
    <subfield code="0">0</subfield>
    <subfield code="1">0</subfield>
    <subfield code="4">0</subfield>
    <subfield code="7">0</subfield>
    <subfield code="a">CDMR</subfield>
    <subfield code="b">CDMR</subfield>
    <subfield code="d">2013-01-16</subfield>
    <subfield code="l">0</subfield>
    <subfield code="o">Ci 8/3</subfield>
    <subfield code="p">CDMR13119706</subfield>
    <subfield code="r">2013-01-16</subfield>
    <subfield code="w">2013-01-16</subfield>
    <subfield code="y">MON</subfield>
  </datafield>
</record>
